000
00225nam a22000857a 4500
008
170110b xxu||||| |||| 00| 0 eng d
100
_9
2304
_a
Pandey.V.K.etal
245
_a
Information Technology-VIII
260
_a
New Delhi
_b
APC
_c
2011
999
_c
5212
_d
5212